000 00315nam a22001337a 4500
082 _a658.3
100 _aDecenzo, David A.
245 _aFundamental of Human Resource Management
250 _a8th ed.
260 _aNew Delhi :
_bWiley,
_c2008.
300 _a425 p. ;
_b23 cm.
500 _aPaperback.
942 _cBK
999 _c34131
_d34131